| 000 | 00528nam a22001937a 4500 | ||
|---|---|---|---|
| 999 |
_c17843 _d17843 |
||
| 008 | 190718b xxu||||| |||| 00| 0 eng d | ||
| 020 | _a0330454827 | ||
| 040 |
_aKABU _cKABU |
||
| 050 |
_aPR6056 _b.F73 2008 c. 1 |
||
| 100 | _aFrancis, Dick | ||
| 245 |
_aDead heat _cDick francis with Felix Francis |
||
| 260 |
_aLondon _bPan Books _c2008 |
||
| 300 | _a[409] p. | ||
| 650 |
_aCooks _xFiction |
||
| 650 |
_aHorse racing _xFiction |
||
| 650 |
_aEngland _xFiction |
||
| 700 | _aFrancis, Felix | ||
| 942 |
_2lcc _cBK _hPR6056 |
||